| 000 | 01388nam a2200349Ia 4500 | ||
|---|---|---|---|
| 001 | ebr10126046 | ||
| 003 | CaPaEBR | ||
| 006 | m u | ||
| 007 | cr cn||||||||| | ||
| 008 | 060309s2006 pau sb 001 0 eng d | ||
| 010 | _z 2006042762 | ||
| 020 | _z9027233152 | ||
| 040 |
_aCaPaEBR _cCaPaEBR |
||
| 035 | _a(OCoLC)191937796 | ||
| 050 | 1 | 4 |
_aP224 _b.P756 2006eb |
| 082 | 0 | 4 |
_a414/.6 _222 |
| 245 | 0 | 0 |
_aProsody and syntax _h[electronic resource] : _bcross-linguistic perspectives / _cedited by Yuji Kawaguchi; Ivan Fonagy, Tsunikazu Moriguchi. |
| 260 |
_aPhiladelphia, PA : _bJ. Benjamins, _c2006. |
||
| 300 | _a381 p. | ||
| 490 | 1 |
_aUsage-based linguistic informatics ; _vv. 3 |
|
| 504 | _aIncludes bibliographical references and index. | ||
| 533 |
_aElectronic reproduction. _bPalo Alto, Calif. : _cebrary, _d2009. _nAvailable via World Wide Web. _nAccess may be limited to ebrary affiliated libraries. |
||
| 650 | 0 | _aProsodic analysis (Linguistics) | |
| 650 | 0 | _aGrammar, Comparative and general. | |
| 655 | 7 |
_aElectronic books. _2local |
|
| 700 | 1 |
_aKawaguchi, Yuji, _d1958- |
|
| 700 | 1 | _aFonagy, Ivan. | |
| 700 | 1 | _aMoriguchi, Tsunekazu. | |
| 710 | 2 | _aebrary, Inc. | |
| 830 | 0 |
_aUsage-based linguistic informatics ; _vv. 3. |
|
| 856 | 4 | 0 |
_uhttp://site.ebrary.com/lib/rucke/Doc?id=10126046 _zAn electronic book accessible through the World Wide Web; click to view |
| 999 |
_c81024 _d81024 |
||